Fr. Conceicao Rodrigues College of Engineering

Applied Mechanics. (Record no. 25662)

MARC details
000 -LEADER
fixed length control field 00271nam a2200133Ia 4500
100 ## - MAIN ENTRY--PERSONAL NAME
Personal name Pai/V
245 ## - TITLE STATEMENT
Title Applied Mechanics.
260 ## - PUBLICATION, DISTRIBUTION, ETC.
Name of publisher, distributor, etc. Pune Vidyarthi
Place of publication, distribution, etc. Pune
Date of publication, distribution, etc. 1988
300 ## - PHYSICAL DESCRIPTION
Extent 259
546 ## - LANGUAGE NOTE
Language note ENGLISH
654 ## - SUBJECT ADDED ENTRY--FACETED TOPICAL TERMS
Focus term Applied Mechanics
942 ## - ADDED ENTRY ELEMENTS (KOHA)
Koha item type BOOK
Holdings
Withdrawn status Lost status Damaged status Not for loan Collection Home library Current library Shelving location Date acquired Total Checkouts Full call number Barcode Date last seen Price effective from Koha item type
        AFT Fr. Agnel's C.Rodrigues College of Engineering Fr. Agnel's C.Rodrigues College of Engineering   17/03/2023   AFT6436 17/03/2023 17/03/2023 BOOK